The Pamirs; being a narrative of a year's expedition on horseback and on foot through Kashmir, Western Tibet, Chinese tartary, and Russian central Asia: With maps and illustrations

Gardado en:
Detalles Bibliográficos
Main Authors: Murray, Charles, Conde de Dunmore (Author), Murray, John (Author)
Formato: Libro
Idioma:inglés
Publicado: Londres John Murray, Albemarle st 1893
Edición:1a. ed
Subjects:
Tags: Engadir etiqueta
Sen Etiquetas, Sexa o primeiro en etiquetar este rexistro!

MARC

LEADER 00000nam a2200000 a 4500
001 UCJ4912
003 CL-VaPUC
005 20250227100121.0
008 070124e18931000UK |||||||||||||||||eng|d
999 |c 321027  |d 321025 
040 |c Pontificia Universidad Católica de Valparaíso 
082 0 4 |a 910.4  |b DUN  |2 21 
100 1 |a Murray, Charles,  |c Conde de Dunmore  |e author  |9 871290 
245 1 4 |a The Pamirs; being a narrative of a year's expedition on horseback and on foot through Kashmir, Western Tibet, Chinese tartary, and Russian central Asia: With maps and illustrations 
250 |a 1a. ed 
260 |a Londres  |b John Murray, Albemarle st  |c 1893 
300 |a 2 v 
500 |a Front., retrato del autor, mapas e ilustraciones conforme a lo señalado en índices 
583 |a last modification  |c 20070124 00:00:00  |k Rodrigo Vera 
650 0 |a Viajes  |9 257115 
650 0 |a Cultura  |9 269059 
650 0 |a Población  |9 257577 
650 7 |a DIARIO  |2 CL-VaPUC  |9 441581 
650 7 |a LENGUAS ASIATICAS  |2 CL-VaPUC  |9 509422 
650 7 |a DIALECTOS ASIATICOS  |2 CL-VaPUC  |9 509423 
650 7 |a GLOSARIO URDU  |2 CL-VaPUC  |9 509424 
650 7 |a GLOSARIO PERSA  |2 CL-VaPUC  |9 509425 
650 7 |a GLOSARIO KASHMIR  |2 CL-VaPUC  |9 509426 
650 7 |a GLOSARIO TIBETANO  |2 CL-VaPUC  |9 509427 
650 0 |a Comercio  |9 255341 
650 7 |a COLONIALISMO INGLES  |2 CL-VaPUC  |9 507148 
650 7 |a GUERRAS COLONIALES  |2 CL-VaPUC  |9 507173 
650 7 |a LAMAS TIBETANOS  |2 CL-VaPUC  |9 509428 
650 0 |a Mapas  |9 260844 
650 0 |a Ilustraciones  |9 369481 
650 0 |a Recursos naturales  |9 255232 
651 0 |a China   |9 257545 
651 7 |a TIBET  |2 CL-VaPUC  |9 324206 
651 0 |a Rusia   |9 256106 
651 7 |a ASIA CENTRAL  |2 CL-VaPUC  |9 268517 
700 0 |a Murray, John  |e author  |9 437610 
942 |c BK  |2 ddc 
945 |d 20070124 00:00:00  |a rinostro 
952 |0 0  |1 0  |4 0  |6 910_400000000000000_DUN_1893  |7 0  |8 ?  |9 399682  |a FDOBUD  |b FDOBUD  |d 2019-11-22  |h v.1  |i 1027662  |o 910.4 DUN 1893  |p 1027662  |r 2019-11-22  |w 2019-11-22  |y BK  |k BUD 
952 |0 0  |1 0  |4 0  |6 910_400000000000000_DUN_1893  |7 0  |8 ?  |9 399683  |a FDOBUD  |b FDOBUD  |d 2019-11-22  |h v.2  |i 1027670  |o 910.4 DUN 1893  |p 1027670  |r 2019-11-22  |w 2019-11-22  |y BK  |k BUD